| 000 | 00783cam a22002653a 4500 | ||
|---|---|---|---|
| 001 | 32690 | ||
| 003 | PGUSA | ||
| 005 | 20140828083716.0 | ||
| 008 | 100604s2010||||xxu|||||s|||||000 | eng d | ||
| 040 |
_aPGUSA _beng |
||
| 042 | _adc | ||
| 050 | 4 | _aD | |
| 245 | 1 | 4 |
_aThe Great Events by Famous Historians, Volume 14 _h[electronic resource] |
| 260 |
_bProject Gutenberg, _c2010 |
||
| 500 | _aThis volume covers A.D. 1775-1799. | ||
| 506 | _aPublic domain in the USA. | ||
| 516 | _aElectronic text | ||
| 653 | _aWorld history | ||
| 700 | 1 |
_aJohnson, Rossiter, _d1840-1931 |
|
| 700 | 1 |
_aHorne, Charles F. _q(Charles Francis), _d1870-1942 |
|
| 700 | 1 | _aRudd, John, LL. D. | |
| 830 | 0 |
_aProject Gutenberg _v32690 |
|
| 856 | 4 | 0 | _uhttp://www.gutenberg.org/ebooks/32690 |
| 942 | _cEB | ||
| 999 |
_c261945 _d261945 |
||